000 00347nam a2200133Ia 4500
008 240624s9999 xx 000 0 und d
041 _aeng
082 _a332.642 JON
100 _aJONG FRANK DE
245 _aMICROSTRUCTURE OF FINANCIAL MARKETS
260 _c2009
_aNew Delhi
_bCambridge University Press
300 _a208 : p.
365 _cBPS
_b28
999 _c21246
_d21246